Innovation in the pharmaceutical industry
This book introduction summary, methodology, and background, basic research and invention, characteristics of drug research, the importance of industrial sources of new drugs...
Đã lưu trong:
| Príomhúdar: | |
|---|---|
| Formáid: | Leabhar |
| Teanga: | Undetermined |
| Foilsithe: |
London
Hopkins University Press
1976
|
| Ábhair: | |
| Clibeanna: |
Cuir Clib Leis
Gan Chlibeanna, Bí ar an gcéad duine leis an taifead seo a chlibeáil!
|
| Thư viện lưu trữ: | Trung tâm Học liệu Trường Đại học Cần Thơ |
|---|
| LEADER | 00804nam a2200205Ia 4500 | ||
|---|---|---|---|
| 001 | CTU_191442 | ||
| 008 | 210402s9999 xx 000 0 und d | ||
| 082 | |a 338.476151 | ||
| 082 | |b S411 | ||
| 100 | |a Schwartzman,David | ||
| 245 | 0 | |a Innovation in the pharmaceutical industry | |
| 245 | 0 | |c David Schwartzman | |
| 260 | |a London | ||
| 260 | |b Hopkins University Press | ||
| 260 | |c 1976 | ||
| 520 | |a This book introduction summary, methodology, and background, basic research and invention, characteristics of drug research, the importance of industrial sources of new drugs... | ||
| 650 | |a Pharmaceutical industry,Công nghiệp dược | ||
| 650 | |x Technological innovations,Đổi mới công nghệ | ||
| 904 | |i Qhieu | ||
| 980 | |a Trung tâm Học liệu Trường Đại học Cần Thơ | ||